Problémy akademického systému ekonomického vzdelávania

Akademický systém ekonomického vzdelávania v Slovenskej republike. Trojstupňové ekonomické vzdelávanie. Problémy akademického systému ekonomického vzdelávania. Podnikové univerzity v USA. Poradenské a vzdelávacie inštitúcie konkurentmi akademického vzdelávania.

Enregistré dans:
Détails bibliographiques
Auteur principal: Varcholová, Tatiana
Format: Chapitre de livre
Langue:slovaque
Sujets:
Tags: Ajouter un tag
Pas de tags, Soyez le premier à ajouter un tag!

MARC

LEADER 00000naa$a2200000$$$4500
001 0063439
005 20240502083152.3
041 0 |a slo 
044 |a UA 
245 1 0 |a Problémy akademického systému ekonomického vzdelávania  |c Tatiana Varcholová 
520 |a Akademický systém ekonomického vzdelávania v Slovenskej republike. Trojstupňové ekonomické vzdelávanie. Problémy akademického systému ekonomického vzdelávania. Podnikové univerzity v USA. Poradenské a vzdelávacie inštitúcie konkurentmi akademického vzdelávania. 
610 2 0 |a vzdelávanie vysokoškolské 
610 2 0 |a univerzity 
610 2 0 |a štúdium bakalárske 
610 2 0 |a štúdium inžinierske 
610 2 0 |a štúdium doktorandské 
610 2 0 |a absolventi 
610 2 0 |a učitelia 
610 2 0 |a prax odborná 
610 2 0 |a legislatíva 
100 1 |a Varcholová, Tatiana